Países en una Calabaza del Mapa del Mundo - Estadísticas

Estadísticas generales
  • Esta prueba ha sido intentada 3.908 veces
  • La puntuación promedio es 35 de 40
Respuestas en el mapa
Las respuestas están codificadas por una escala verde-roja en el mapa de la prueba según el % correcto abajo.
 
Estadísticas de respuestas
País % Correcto
Egipto
98%
Arabia Saudita
97%
India
96%
Irán
94%
República del Congo
94%
República Democrática del Congo
94%
Yemen
94%
Catar
93%
Emiratos Árabes Unidos
93%
Omán
93%
Sudán
93%
Irak
92%
Somalia
92%
Etiopía
91%
Sudán del Sur
91%
Turquía
91%
Chad
90%
Libia
90%
Níger
90%
Pakistán
90%
Chipre
89%
Kenia
89%
Nigeria
88%
Eritrea
87%
República Centroafricana
87%
Afganistán
86%
Tanzania
86%
Kuwait
85%
Camerún
83%
Uganda
83%
Guinea Ecuatorial
82%
Ruanda
82%
Angola
80%
Baréin
79%
Gabón
78%
Zambia
78%
Maldivas
77%
Seychelles
77%
Burundi
76%
Santo Tomé y Príncipe
72%
No se encontraron pruebas coincidentes
Distribución de puntuación
Porcentaje de gente con cada puntuación
Porcentaje por número respondido
Historial de tus puntuaciones
No has intentado esta prueba.